| 000 | 00557nam a2200181 a 4500 | ||
|---|---|---|---|
| 001 | 000007561 | ||
| 005 | 20200929154220.0 | ||
| 008 | 090909s2004 xxua 000 0 spa d | ||
| 040 | _aDO-SdBNP | ||
| 082 |
_axxxx _bB639e |
||
| 100 | 1 |
_aBlanchard, Teódulo _920986 |
|
| 245 | 1 | 3 |
_aLa energía nuclear : _bantecedentes y consecuencias / _cTeódulo Blanchard. |
| 260 |
_aNew York : _bCompuPhoto, _c2004. |
||
| 300 |
_a155 p. : _bil. ; _c21 cm. |
||
| 500 | _aIncluye notas al pie de las páginas | ||
| 504 | _aIncluye bibliografías (p. 153-154) | ||
| 049 | _aBNPD | ||
| 999 |
_c7342 _d7342 |
||